UBT Library

Physical geography : (Record no. 42206)

000 -LEADER
fixed length control field 00931cam a2200253 a 4500
001 - CONTROL NUMBER
control field 14689765
005 - DATE AND TIME OF LATEST TRANSACTION
control field 20180209033042.0
008 - FIXED-LENGTH DATA ELEMENTS--GENERAL INFORMATION
fixed length control field 070109s2008 njuab b 001 0 eng
010 ## - LIBRARY OF CONGRESS CONTROL NUMBER
LC control number 2007000858
020 ## - INTERNATIONAL STANDARD BOOK NUMBER
International Standard Book Number 9780132239011 (9780132239011)
020 ## - INTERNATIONAL STANDARD BOOK NUMBER
International Standard Book Number 0132239019 (9780132239011)
035 ## - SYSTEM CONTROL NUMBER
System control number (OCoLC)ocm78789029
040 ## - CATALOGING SOURCE
Original cataloging agency DLC
Transcribing agency DLC
Modifying agency YDX
-- BAKER
-- YDXCP
-- BTCTA
-- MUQ
-- YBM
-- OCLCG
-- DLC
041 ## - LANGUAGE CODE
Language code of text/sound track or separate title eng
080 ## - UNIVERSAL DECIMAL CLASSIFICATION NUMBER
Universal Decimal Classification number 910.02
082 00 - DEWEY DECIMAL CLASSIFICATION NUMBER
Classification number 910.02 MCK
Edition number 22
100 1# - Rafti
Rafti 42
101 ## - Shkurtesa
Shkurtesa GJEO
245 10 - TITLE STATEMENT
Title Physical geography :
Statement of responsibility, etc Tom L. McKnight, Darrel Hess.
504 ## - BIBLIOGRAPHY, ETC. NOTE
Bibliography, etc Includes bibliographical references and index.
906 ## - LOCAL DATA ELEMENT F, LDF (RLIN)
a 7
b cbc
c orignew
d 1
e ecip
f 20
g y-gencatlg
942 ## - ADDED ENTRY ELEMENTS (KOHA)
Source of classification or shelving scheme
Item type Books
Holdings
Withdrawn status Lost status Source of classification or shelving scheme Damaged status Not for loan Collection code Permanent location Current location Shelving location Date acquired Total Checkouts Full call number Barcode Date last seen Price effective from Koha item type
          Koleksioni i përgjithshem UBT - Lipjan UBT - Lipjan Koleksioni i lëndeve mesimore 02/09/2018   910.02 MCK 002-2998702 02/09/2018 02/09/2018 Books
UBT Library © 2015-2024. All rights reserved University Education for Business and Technology